KOHA-Header-6

مہاراجہ رنجیت سنگھ (Record no. 13625)

000 -LEADER
fixed length control field 00296nam a22001097a 4500
082 ## - DEWEY DECIMAL CLASSIFICATION NUMBER
Classification number 954.503
100 ## - MAIN ENTRY--AUTHOR NAME
Personal name پروفیسر سیتارام کوہلی
245 ## - TITLE STATEMENT
Title مہاراجہ رنجیت سنگھ
260 ## - PUBLICATION, DISTRIBUTION, ETC. (IMPRINT)
Place of publication لاہور
Name of publisher فکشن ہاؤس
Year of publication ٢٠٠٢
300 ## - PHYSICAL DESCRIPTION
Number of Pages ٢٣٢ صفحات
942 ## - ADDED ENTRY ELEMENTS (KOHA)
Koha item type Books
Holdings
Withdrawn status Lost status Collection code Permanent Location Current Location Shelving location Date acquired Full call number Accession Number Koha item type
    Urdu Literature MAJU MAJU Shelf No.A11 2022-12-23 954.503 10715 Books

Powered by Koha